[Event "Dundee & Angus Open"]
[Site "?"]
[Date "2016.10.08"]
[Round "2"]
[White "Dawson, Alastair"]
[Black "Will, Douglas"]
[Result "0-1"]
[WhiteElo "1807"]
[BlackElo "1913"]
[PlyCount "88"]
[WhiteTeam "Scotland"]
[BlackTeam "Germany 2"]

1. Nf3 Nf6 2. g3 g6 3. Bg2 Bg7 4. c4 d6 5. O-O O-O 6. Nc3 e5 7. d3 h6 8. Rb1
Nc6 9. b4 Nh7 10. b5 Ne7 11. Qb3 f5 12. Ne1 f4 13. c5+ Kh8 14. cxd6 cxd6 15.
Ba3 Ng5 16. Ne4 Nf5 17. Nxg5 hxg5 18. Nc2 g4 19. b6 Nh4 20. Bd5 Nf5 21. bxa7
Rxa7 22. Qb6 Ra6 23. Qxd8 Rxd8 24. Rb3 Ra5 25. Bf7 Kh7 26. Bc4 d5 27. Bb5 Nd6
28. Bxd6 Rxd6 29. a4 g5 30. Rb4 Bf8 31. d4 e4 32. Rb3 Kg6 33. Rfb1 Ra7 34. Ra1
Be7 35. Rc1 Bd8 36. Na3 Be6 37. Be8+ Kf6 38. Nb5 Rb6 39. Ra3 Ra8 40. a5 Rba6
41. Nc7 Bxc7 42. Bb5 Rxa5 43. Rxa5 Rxa5 44. Be8 b5 0-1

[Event "Dundee & Angus Open"]
[Site "?"]
[Date "2016.10.08"]
[Round "2"]
[White "Robertson, Jim"]
[Black "Pasha, Tariq"]
[Result "0-1"]
[WhiteElo "1524"]
[BlackElo "1739"]
[PlyCount "66"]
[WhiteTeam "Scotland"]
[BlackTeam "Germany 2"]

1. d4 d5 2. e3 Nf6 3. Bd3 c5 4. c3 e6 5. f4 b6 6. Nf3 Be7 7. Nbd2 Bb7 8. Ne5 a6
9. Qf3 Nc6 10. O-O Qc7 11. g4 Nd7 12. g5 Ndxe5 13. fxe5 Bxg5 14. e4 cxd4 15.
exd5 Be3+ 16. Kg2 Nxe5 17. Qg3 Bxd5+ 18. Nf3 Kd7 19. Be2 d3 20. Rd1 Nxf3 21.
Bxf3 Qxg3+ 22. hxg3 Bxf3+ 23. Kxf3 Bxc1 24. Raxc1 Ke7 25. Rxd3 Rhd8 26. Rd4
Rac8 27. Rb4 b5 28. a4 Rd3+ 29. Ke2 Rd5 30. c4 Re5+ 31. Kf3 Rec5 32. axb5 axb5
33. Ra1 bxc4 0-1

[Event "Dundee & Angus Open"]
[Site "?"]
[Date "2016.10.08"]
[Round "2"]
[White "Berera, Siddharth"]
[Black "Gray, Euan"]
[Result "1-0"]
[WhiteElo "1650"]
[BlackElo "1826"]
[PlyCount "63"]
[WhiteTeam "Scotland"]
[BlackTeam "Germany 2"]

1. e4 e5 2. Nf3 Nc6 3. Bc4 Nf6 4. d3 Bc5 5. c3 d6 6. Bb3 a6 7. h3 h6 8. Nbd2
Ba7 9. Nf1 Ne7 10. Ng3 Ng6 11. O-O O-O 12. Re1 Re8 13. d4 Bd7 14. Be3 Bc6 15.
d5 Bd7 16. Bxa7 Rxa7 17. c4 Nf4 18. Rc1 Qc8 19. Re3 g5 20. c5 dxc5 21. Rxc5 b6
22. Rc1 g4 23. hxg4 Bxg4 24. Rc6 Kg7 25. d6 Bd7 26. Nf5+ Bxf5 27. exf5 Qd7 28.
Rxc7 Rxc7 29. dxc7 Qxc7 30. Qe1 Ng4 31. Re4 f6 32. Rxf4 1-0

[Event "Dundee & Angus Open"]
[Site "?"]
[Date "2016.10.08"]
[Round "2"]
[White "Jennings, Richard"]
[Black "Sheerin, Alex"]
[Result "1-0"]
[WhiteElo "1894"]
[BlackElo "1681"]
[PlyCount "77"]
[WhiteTeam "Scotland"]
[BlackTeam "Germany 2"]

1. c4 Nf6 2. Nc3 g6 3. g3 Bg7 4. Bg2 O-O 5. d3 d6 6. Rb1 e5 7. b4 c6 8. Nf3 Re8
9. O-O Nh5 10. b5 f5 11. Bg5 Qc7 12. e4 f4 13. Ne1 Qf7 14. Bf3 Bh3 15. Ng2 h6
16. Bh4 Bf6 17. Bxf6 Nxf6 18. Qd2 g5 19. Bd1 Nh7 20. f3 Kh8 21. Bb3 Qg7 22. Ne2
Nd7 23. bxc6 bxc6 24. Ba4 Rec8 25. Rb7 Qg6 26. d4 Nb6 27. Bb3 Rd8 28. Qc3 Nd7
29. Rd1 g4 30. dxe5 Nxe5 31. Nexf4 Qf6 32. fxg4 Nf3+ 33. Qxf3 Ng5 34. Qd3 Bxg4
35. Rf1 Re8 36. Nh4 Kg8 37. c5+ d5 38. exd5 Qe5 39. d6+ 1-0

[Event "Dundee & Angus Open"]
[Site "?"]
[Date "2016.10.08"]
[Round "2"]
[White "Sanger, Jake"]
[Black "Irving, Neil"]
[Result "0-1"]
[WhiteElo "1563"]
[BlackElo "1845"]
[PlyCount "68"]
[WhiteTeam "Scotland"]
[BlackTeam "Germany 2"]

1. d4 d5 2. Bf4 Nf6 3. e3 c5 4. Nc3 Bf5 5. dxc5 Nc6 6. Nf3 Rc8 7. Nd4 Bg6 8.
Nxc6 bxc6 9. Ba6 Nd7 10. Bxc8 Qxc8 11. O-O e5 12. Bg3 Bxc5 13. Na4 Bd6 14. c4
Nf6 15. Nc3 Qb7 16. Qb3 Qa8 17. cxd5 O-O 18. dxc6 Qxc6 19. Qb5 Qc7 20. Rac1 Rb8
21. Qe2 Qb6 22. Rfd1 Bh5 23. f3 Bc5 24. Na4 Bxe3+ 25. Kh1 Qb4 26. Qxe3 Qxa4 27.
b3 Qxa2 28. Bxe5 Ra8 29. Bxf6 gxf6 30. Qe4 Rb8 31. Qf4 Qxb3 32. Qxf6 Qb4 33.
Rd4 Qb6 34. Rcd1 Qxf6 0-1

[Event "Dundee & Angus Open"]
[Site "?"]
[Date "2016.10.08"]
[Round "2"]
[White "Ridge, Mike"]
[Black "Spencer, Ed"]
[Result "*"]
[WhiteElo "1837"]
[BlackElo "2040"]
[PlyCount "64"]
[WhiteTeam "Scotland"]
[BlackTeam "Germany 2"]

1. c4 e5 2. Nc3 Nc6 3. Nf3 g6 4. d4 exd4 5. Nd5 Bg7 6. Bg5 Nce7 7. Nxd4 c6 8.
Nc3 Qa5 9. Bf4 d5 10. e3 Nf6 11. Be2 dxc4 12. Bxc4 Ned5 13. Qb3 O-O 14. Bg3
Nxc3 15. bxc3 Ne4 16. Rc1 a6 17. O-O Nd2 18. Qb4 Qxb4 19. cxb4 Nxf1 20. Kxf1 a5
21. b5 Bd7 22. bxc6 Bxc6 23. Nxc6 bxc6 24. Be2 Rfc8 25. Bg4 f5 26. Bf3 Ra6 27.
Bd5+ Kf8 28. Be6 Rd8 29. Bc7 Rd2 30. Bc8 Ra8 31. Bb7 Ra7 32. Rb1 Rd7 *

[Event "Dundee & Angus Open"]
[Site "?"]
[Date "2016.10.08"]
[Round "2"]
[White "Koehn, Lennart"]
[Black "James, Chris"]
[Result "1/2-1/2"]
[WhiteElo "1968"]
[BlackElo "1861"]
[PlyCount "58"]
[WhiteTeam "Scotland"]
[BlackTeam "Germany 2"]

1. e4 e6 2. d4 d5 3. Nc3 Nc6 4. e5 Nge7 5. Nf3 Nf5 6. Bg5 Be7 7. Bxe7 Qxe7 8.
Qd2 Bd7 9. Ne2 O-O-O 10. Ng3 f6 11. exf6 Qxf6 12. O-O-O Nh4 13. Nxh4 Qxh4 14.
Bb5 Ne7 15. Bxd7+ Rxd7 16. Rde1 Rd6 17. Re3 Rf8 18. c3 g6 19. Qe2 Kd7 20. Rf3
Rxf3 21. Qxf3 Qg5+ 22. Qe3 Qxe3+ 23. fxe3 Nf5 24. e4 Nh4 25. Rf1 Ke7 26. Rf2
Rd8 27. exd5 exd5 28. Ne2 Rf8 29. Rxf8 Kxf8 1/2-1/2

[Event "Dundee & Angus Open"]
[Site "?"]
[Date "2016.10.08"]
[Round "2"]
[White "Bucher, Goetz"]
[Black "Romilly, Peter"]
[Result "0-1"]
[WhiteElo "1887"]
[BlackElo "2033"]
[PlyCount "60"]
[WhiteTeam "Scotland"]
[BlackTeam "Germany 2"]

1. e4 c5 2. Nf3 d6 3. d4 cxd4 4. Qxd4 Nc6 5. Bb5 Bd7 6. Bxc6 Bxc6 7. Nc3 Nf6 8.
O-O g6 9. Be3 Bg7 10. Qd3 O-O 11. Rad1 Qa5 12. Nd4 Rfc8 13. Nb3 Qc7 14. h3 b5
15. Nxb5 Bxb5 16. Qxb5 Qxc2 17. Rc1 Qxb2 18. Qb7 Rcb8 19. Qxe7 Qxa2 20. Nd4 Re8
21. Qxd6 Nxe4 22. Qc6 Rad8 23. Nb5 Qe6 24. Nxa7 Rd6 25. Qb7 Nc3 26. Nb5 Rd7 27.
Qxd7 Ne2+ 28. Kh1 Qxd7 29. Rb1 Rxe3 30. fxe3 Ng3+ 0-1

[Event "Dundee & Angus Open"]
[Site "?"]
[Date "2016.10.08"]
[Round "2"]
[White "IM Greet, Andrew"]
[Black "Rutherford, Willie"]
[Result "1-0"]
[WhiteElo "2465"]
[BlackElo "1912"]
[PlyCount "59"]
[WhiteTeam "Scotland"]
[BlackTeam "Germany 2"]

1. d4 d5 2. c4 e6 3. Nf3 Nf6 4. g3 Be7 5. Bg2 O-O 6. O-O Nbd7 7. Qc2 c6 8. Nbd2
b6 9. e4 Bb7 10. e5 Ne8 11. cxd5 cxd5 12. Re1 Qc7 13. Qd3 Rc8 14. Nb1 Qb8 15.
Bg5 Bxg5 16. Nxg5 g6 17. Nc3 Nc7 18. h4 Ba6 19. Qd2 b5 20. h5 Nb6 21. b3 b4 22.
Nd1 Nd7 23. Rc1 Qb6 24. Nf3 Bb7 25. Qh6 Rfd8 26. Ne3 Nb5 27. Ng5 Nf8 28. Ng4
Rc7 29. Nf6+ Kh8 30. Ngxh7 1-0

[Event "Dundee & Angus Open"]
[Site "?"]
[Date "2016.10.08"]
[Round "2"]
[White "Kosznik, Dariusz"]
[Black "Connolly Sams, Lukah"]
[Result "1-0"]
[WhiteElo "1718"]
[BlackElo "1476"]
[PlyCount "65"]
[WhiteTeam "Scotland"]
[BlackTeam "Germany 2"]

1. d4 d5 2. Nf3 Nf6 3. Bf4 e6 4. e3 c5 5. c3 Nc6 6. Bd3 Be7 7. Nbd2 Nh5 8. Bg3
Nxg3 9. hxg3 h6 10. Ne5 cxd4 11. exd4 Nxe5 12. dxe5 Bd7 13. Qg4 g5 14. f4 Qb6
15. O-O-O d4 16. c4 a5 17. Ne4 a4 18. Rd2 a3 19. b3 Qb4 20. Rc2 Rc8 21. Qe2 b5
22. cxb5 Rxc2+ 23. Kxc2 Qa5 24. Kb1 Bc8 25. Rc1 Bb7 26. Qc2 O-O 27. Nf6+ Bxf6
28. exf6 Qd8 29. fxg5 hxg5 30. Bh7+ Kh8 31. Rh1 Bxg2 32. Bg8+ Bxh1 33. Qh7# 1-0

[Event "Dundee & Angus Open"]
[Site "?"]
[Date "2016.10.08"]
[Round "2"]
[White "Neave, George"]
[Black "Mooney, Graham"]
[Result "1-0"]
[WhiteElo "2176"]
[BlackElo "1888"]
[PlyCount "53"]
[WhiteTeam "Scotland"]
[BlackTeam "Germany 2"]

1. e4 c5 2. Nf3 Nc6 3. d4 cxd4 4. Nxd4 Nf6 5. Nc3 g6 6. Be3 Bg7 7. Bc4 O-O 8.
Bb3 d6 9. f3 Nxd4 10. Bxd4 Be6 11. Qd2 a6 12. O-O-O Bxb3 13. axb3 b5 14. Kb1 b4
15. Nd5 Nxd5 16. exd5 a5 17. h4 h5 18. g4 e5 19. dxe6 fxe6 20. Bxg7 Kxg7 21.
gxh5 Rxf3 22. Rhg1 Rf6 23. Qg5 d5 24. h6+ Kh7 25. h5 Qf8 26. hxg6+ Kg8 27. g7
1-0

[Event "Dundee & Angus Open"]
[Site "?"]
[Date "2016.10.08"]
[Round "2"]
[White "Borwell, Alan"]
[Black "Smith, Callum"]
[Result "1-0"]
[WhiteElo "1907"]
[BlackElo "1565"]
[PlyCount "53"]
[WhiteTeam "Scotland"]
[BlackTeam "Germany 2"]

1. e4 c6 2. d4 d5 3. Nd2 dxe4 4. Nxe4 Bf5 5. Ng3 Bg6 6. Nf3 Nd7 7. h4 h6 8. h5
Bh7 9. Bd3 Bxd3 10. Qxd3 e6 11. Bd2 Qc7 12. O-O-O Ngf6 13. Kb1 O-O-O 14. c4 Bd6
15. Ne4 Nxe4 16. Qxe4 Nf6 17. Qc2 Kb8 18. g3 c5 19. dxc5 Qxc5 20. Be3 Qc6 21.
Nd4 Qe4 22. Nb5 a6 23. Nxd6 Rxd6 24. Qxe4 Nxe4 25. Bf4 Rhd8 26. Rxd6 Rxd6 27.
c5 1-0

[Event "Dundee & Angus Open"]
[Site "?"]
[Date "2016.10.08"]
[Round "2"]
[White "Sykes, Chris"]
[Black "Hamilton, Douglas"]
[Result "1/2-1/2"]
[WhiteElo "1808"]
[BlackElo "1917"]
[PlyCount "141"]
[WhiteTeam "Scotland"]
[BlackTeam "Germany 2"]

1. d4 e6 2. Nf3 f5 3. Bf4 Nf6 4. h3 Be7 5. e3 b6 6. Nc3 Bb7 7. Be2 O-O 8. Qd2
Ne4 9. Nxe4 fxe4 10. Nh2 Na6 11. c3 c5 12. a3 Nc7 13. dxc5 bxc5 14. O-O Nd5 15.
Bg3 Qe8 16. Rad1 Bc6 17. c4 Nb6 18. Bd6 Nc8 19. Bg3 Qg6 20. b4 Ba4 21. Rb1 h5
22. b5 d6 23. Rfc1 Qf7 24. f3 Qg6 25. Bf2 Nb6 26. fxe4 Rad8 27. Bf3 Qg5 28. h4
Qe5 29. Nf1 g6 30. Qe2 Rf7 31. Be1 Qf6 32. Rb2 Bf8 33. Rd2 Bg7 34. Rd3 Nxc4 35.
Rxc4 Bxb5 36. Rcc3 Bxd3 37. Qxd3 Qe7 38. Rc2 Bf6 39. Ba5 Rb8 40. Rd2 Be5 41.
Bc3 Rb3 42. Rc2 Qxh4 43. Qc4 Rxc3 44. Rxc3 Bxc3 45. Qxc3 g5 46. g3 Qh3 47. Bg2
Qg4 48. Qe1 h4 49. Nh2 Qxg3 50. Qxg3 hxg3 51. Nf1 Rf2 52. Nxg3 Ra2 53. Bf1 Rxa3
54. Bc4 Rxe3 55. Bxe6+ Kf8 56. Kf2 Rd3 57. Nf5 Rd4 58. Ke3 Rd1 59. Bd5 g4 60.
Nxd6 Ke7 61. Nc8+ Kd7 62. Nxa7 g3 63. Kf3 Rd3+ 64. Kg2 Kd6 65. Nc6 Ra3 66. Nd8
Ke5 67. Ne6 Rc3 68. Nxc5 Rxc5 69. Kxg3 Rc3+ 70. Kg4 Ra3 71. Bc6 1/2-1/2

[Event "Dundee & Angus Open"]
[Site "?"]
[Date "2016.10.08"]
[Round "3"]
[White "McCusker, Andrew"]
[Black "Rutherford, Kathleen"]
[Result "1-0"]
[WhiteElo "1710"]
[BlackElo "1650"]
[PlyCount "113"]
[WhiteTeam "Scotland"]
[BlackTeam "Germany 2"]

1. c4 c5 2. g3 Nf6 3. Bg2 g6 4. Nc3 Bg7 5. e4 d6 6. Nge2 O-O 7. O-O Nbd7 8. f4
a6 9. d3 Rb8 10. a4 b6 11. h3 e5 12. f5 Bb7 13. Be3 Bc6 14. Qd2 b5 15. axb5
axb5 16. Nd5 bxc4 17. dxc4 Bxd5 18. exd5 Rb4 19. Rfc1 Qb6 20. Rc2 Rb8 21. Ra2
Qc7 22. g4 Nb6 23. Qd3 Nbd7 24. g5 Nh5 25. f6 Bf8 26. Bd2 Rb3 27. Bc3 R3b7 28.
Qe4 Ra7 29. Rxa7 Qxa7 30. Bf3 Nf4 31. Nxf4 exf4 32. Re2 Nb6 33. Qxf4 Na4 34.
Qc1 Nxc3 35. Qxc3 Qa2 36. Qc1 Rb4 37. Rc2 Qb3 38. Kg2 Qd3 39. Rc3 Qf5 40. b3
Qe5 41. Qe3 Qf5 42. Rd3 Qc8 43. Bg4 Qb7 44. h4 Qa7 45. h5 Qa2+ 46. Kg3 Qa7 47.
hxg6 hxg6 48. Kf4 Qa1 49. Bd7 Qf1+ 50. Kg3 Qa1 51. Bb5 Qa7 52. Ba4 Qb8 53. Qf4
Qc8 54. Re3 Qb8 55. Re8 Qc7 56. Qh4 Rxa4 57. Rxf8+ 1-0

[Event "Dundee & Angus Open"]
[Site "?"]
[Date "2016.10.08"]
[Round "3"]
[White "Wiltshir, Rich"]
[Black "Robertson, Jim"]
[Result "1/2-1/2"]
[WhiteElo "1635"]
[BlackElo "1524"]
[PlyCount "85"]
[WhiteTeam "Scotland"]
[BlackTeam "Germany 2"]

1. Nc3 d5 2. Nf3 f5 3. e3 e6 4. d4 Bd6 5. Bd2 Nd7 6. Nb5 Be7 7. c4 c6 8. cxd5
exd5 9. Nc3 Bd6 10. h4 Ngf6 11. Qb3 Ne4 12. Nxe4 fxe4 13. Ng5 h6 14. Nh3 O-O
15. g3 Nf6 16. Bg2 Qc7 17. Nf4 Bf5 18. Bb4 g5 19. hxg5 hxg5 20. Bxd6 Qxd6 21.
Nh5 Bg6 22. Nxf6+ Qxf6 23. Qc2 Kg7 24. b4 b6 25. Qe2 c5 26. O-O cxd4 27. exd4
Qxd4 28. Rad1 Qc4 29. Qb2+ Kh6 30. Rd4 Qc6 31. Qd2 Rfd8 32. Re1 Rac8 33. Bh3
Rc7 34. f4 Qc3 35. fxg5+ Kg7 36. Qf2 Rf8 37. Qd2 Qxg3+ 38. Bg2 Rc2 39. Qxc2
Qxe1+ 40. Kh2 Rh8+ 41. Bh3 Qe3 42. Qc7+ Bf7 43. Qe5+ 1/2-1/2

[Event "Dundee & Angus Open"]
[Site "?"]
[Date "2016.10.08"]
[Round "3"]
[White "MacQueen, Calum"]
[Black "Shafi, Declan"]
[Result "1-0"]
[WhiteElo "2331"]
[BlackElo "1886"]
[PlyCount "83"]
[WhiteTeam "Scotland"]
[BlackTeam "Germany 2"]

1. d4 Nf6 2. c4 e6 3. Nf3 d5 4. Nc3 Be7 5. Bf4 O-O 6. e3 Nbd7 7. a3 c5 8. cxd5
exd5 9. dxc5 Nxc5 10. Be2 Bg4 11. O-O Rc8 12. h3 Bh5 13. Rc1 Nce4 14. Be5 a6
15. Bd4 Qd6 16. Na4 b5 17. Nc3 Rfd8 18. Ne5 Bxe2 19. Qxe2 Rc7 20. Nd3 Rc4 21.
Rfd1 Rdc8 22. Nf4 Qc6 23. f3 Nxc3 24. Rxc3 a5 25. Bxf6 Bxf6 26. Nxd5 Rxc3 27.
bxc3 Qc5 28. Qd3 Qxa3 29. Qf5 Re8 30. Nxf6+ gxf6 31. Qxb5 Re5 32. Qb8+ Kg7 33.
Rd8 Qc1+ 34. Kh2 Qa3 35. Rg8+ Kh6 36. e4 Qe7 37. Qb6 Rc5 38. f4 Rxc3 39. Re8
Rb3 40. Qc6 Rc3 41. Qxc3 Qd6 42. Qg3 1-0

[Event "Dundee & Angus Open"]
[Site "?"]
[Date "2016.10.08"]
[Round "3"]
[White "Smith, Callum"]
[Black "Dawson, Alastair"]
[Result "1-0"]
[WhiteElo "1565"]
[BlackElo "1807"]
[PlyCount "147"]
[WhiteTeam "Scotland"]
[BlackTeam "Germany 2"]

1. e4 d6 2. d4 Nf6 3. Nc3 e5 4. dxe5 dxe5 5. Qxd8+ Kxd8 6. Bc4 Ke8 7. Be3 Bb4
8. f3 Bxc3+ 9. bxc3 Be6 10. Bxe6 fxe6 11. O-O-O Nbd7 12. Nh3 Ke7 13. Rd2 Rhd8
14. Rhd1 h6 15. Nf2 Ne8 16. Nd3 Nd6 17. Nc5 Nb6 18. Bf2 Nbc4 19. Rd3 b6 20. Nb3
Rac8 21. Nd2 Na5 22. Nb3 Nab7 23. Nd2 c5 24. Nf1 c4 25. R3d2 Nc5 26. Bg3 Nf7
27. Rxd8 Rxd8 28. Rxd8 Kxd8 29. Ne3 b5 30. Bf2 Nd7 $11 31. a4 a6 32. Kb2 Kc7
33. Ka3 Kc6 34. Kb4 Nb6 35. axb5+ axb5 36. Nf1 Nd7 37. Nd2 Nb8 38. Nb1 Na6+ 39.
Ka5 Nc5 40. Bg3 Nd7 41. Na3 Nd6 42. Kb4 Kb6 43. Bf2+ Kc6 44. g4 Nb8 45. Ba7 Nd7
46. h3 g6 47. h4 Nf6 48. Bc5 Nfe8 49. Be3 h5 50. gxh5 gxh5 51. Bg5 Nc7 52. Bf6
Nb7 53. Nb1 Na6+ 54. Ka3 Kd6 55. Nd2 Nbc5 56. Nf1 Na4 57. Ng3 Nxc3 58. Nxh5 b4+
59. Kb2 Nc5 60. Bg7 N5a4+ 61. Ka1 b3 62. cxb3 cxb3 63. Bf8+ Kd7 64. Ba3 Nd1 65.
Nf6+ Kd8 66. h5 b2+ 67. Bxb2 Ke7 68. Bxe5 Kf7 69. h6 Kg6 70. h7 Kg7 71. f4 Nac3
72. Nd5+ Kxh7 73. Nxc3 Nxc3 74. Bxc3 1-0

[Event "Dundee & Angus Open"]
[Site "?"]
[Date "2016.10.08"]
[Round "3"]
[White "Spencer, Ed"]
[Black "Borwell, Alan"]
[Result "1/2-1/2"]
[WhiteElo "2040"]
[BlackElo "1907"]
[PlyCount "86"]
[WhiteTeam "Scotland"]
[BlackTeam "Germany 2"]

1. e4 c5 2. b4 cxb4 3. a3 e5 4. Nf3 Nc6 5. Bb2 Nf6 6. Nxe5 d5 7. Bb5 Bd7 8.
Nxd7 Qxd7 9. e5 Ne4 10. O-O bxa3 11. Nxa3 a6 12. Be2 Be7 13. f3 Nc5 14. c4 d4
15. f4 O-O 16. Bg4 Qc7 17. d3 Nb4 18. Be2 f6 19. Bxd4 Rad8 20. Bc3 Ncxd3 21.
Qb3 Qc5+ 22. Kh1 Nf2+ 23. Rxf2 Qxf2 24. Bf3 Qc5 25. exf6 gxf6 26. Bxb7 Nd3 27.
Be1 Nxe1 28. Qg3+ Kh8 29. Qxe1 Qc7 30. Bd5 Bxa3 31. Rxa3 Rde8 32. Qb1 Qxf4 33.
Rh3 Re7 34. Rf3 Qd2 35. Rf1 Rfe8 36. Qf5 Qg5 37. Qb1 Qe5 38. g3 Rb8 39. Qc1 Rb2
40. Qh6 Rb8 41. Rxf6 Rg7 42. Rf2 Rb1+ 43. Kg2 Rb2 1/2-1/2

[Event "Dundee & Angus Open"]
[Site "?"]
[Date "2016.10.08"]
[Round "3"]
[White "Dabos-Doukas, Ioannis"]
[Black "Sanger, Jake"]
[Result "1-0"]
[WhiteElo "1786"]
[BlackElo "1563"]
[PlyCount "73"]
[WhiteTeam "Scotland"]
[BlackTeam "Germany 2"]

1. d4 Nf6 2. Nf3 g6 3. Nc3 d5 4. Bf4 Bg7 5. e3 O-O 6. Be2 c5 7. O-O cxd4 8.
exd4 a6 9. Qd2 Nc6 10. Ne5 Be6 11. Nxc6 bxc6 12. Rfd1 Nd7 13. Na4 f6 14. Qc3
Qc8 15. Re1 Bf7 16. Bg4 f5 17. Bf3 Re8 18. Nc5 Ra7 19. Ne6 Bxe6 20. Rxe6 Ne5
21. Rxe5 Bxe5 22. Bxe5 Qb7 23. h4 Rc8 24. b3 e6 25. Qe3 Qe7 26. Qh6 Qf8 27. Qf4
Qe7 28. Re1 Rd7 29. Re3 c5 30. dxc5 Qxc5 31. Rc3 Qxc3 32. Bxc3 Rxc3 33. Qe5 Rc6
34. c4 Kf7 35. cxd5 Rc1+ 36. Kh2 Re7 37. dxe6+ 1-0

[Event "Dundee & Angus Open"]
[Site "?"]
[Date "2016.10.08"]
[Round "3"]
[White "Pasha, Tariq"]
[Black "White, Stuart A"]
[Result "0-1"]
[WhiteElo "1739"]
[BlackElo "1906"]
[PlyCount "100"]
[WhiteTeam "Scotland"]
[BlackTeam "Germany 2"]

1. d4 d5 2. c4 c6 3. Nf3 Nf6 4. Nc3 dxc4 5. a4 Bf5 6. Bf4 Na6 7. Qd2 e6 8. Rc1
Bb4 9. Bg5 Qa5 10. Bxf6 gxf6 11. Nh4 O-O-O 12. Nxf5 Qxf5 13. h4 Nc5 14. Rd1 Nb3
15. e4 Bxc3 16. bxc3 Qxe4+ 17. Qe2 Qxe2+ 18. Bxe2 b5 19. Rh3 f5 20. Rf3 Rhg8
21. g3 a6 22. Rf4 Rd7 23. Bf3 Kc7 24. Be2 Kb6 25. Rb1 c5 26. axb5 axb5 27. Bd1
cxd4 28. Bxb3 cxb3 29. cxd4 Rgd8 30. Rxb3 Rxd4 31. Rff3 b4 32. Rb1 Kc5 33. Rfb3
Re4+ 34. Kf1 Rc4 35. R1b2 Rdd4 36. Re2 Rc1+ 37. Kg2 Rc3 38. Rb1 b3 39. Re5+ Rd5
40. Re2 Kc4 41. Reb2 Rdd3 42. Ra1 Rc2 43. Rbb1 b2 44. Ra7 Rdd2 45. Rc7+ Kd3 46.
Rxc2 Rxc2 47. Kf3 Kc4 48. Ke3 Kc3 49. Rd1 Rc1 50. Rd3+ Kc4 0-1

[Event "Dundee & Angus Open"]
[Site "?"]
[Date "2016.10.08"]
[Round "3"]
[White "Will, Douglas"]
[Black "Neave, George"]
[Result "0-1"]
[WhiteElo "1913"]
[BlackElo "2176"]
[PlyCount "100"]
[WhiteTeam "Scotland"]
[BlackTeam "Germany 2"]

1. e4 e5 2. Nf3 Nc6 3. Bc4 Bc5 4. O-O d6 5. c3 Nf6 6. d4 Bb6 7. dxe5 dxe5 8.
Qxd8+ Nxd8 9. Nxe5 Nxe4 10. Nd2 Nd6 11. Bb3 O-O 12. Ndc4 Nxc4 13. Nxc4 Be6 14.
Nxb6 axb6 15. Bg5 Bxb3 16. Bxd8 Bc4 17. Be7 Rfe8 18. Rfe1 Rxa2 19. Rxa2 Bxa2
20. f4 f6 21. Kf2 Kf7 22. Ba3 Be6 23. b4 Rd8 24. Bc1 Bc4 25. Re3 Ra8 26. Bd2
Ra2 27. Ke1 Ra1+ 28. Kf2 Ra2 29. Ke1 h5 30. h4 b5 31. g3 c6 32. Kd1 Bb3+ 33.
Ke1 Ra1+ 34. Kf2 Rd1 35. Be1 Bc4 36. Re4 Rc1 37. Bd2 Rf1+ 38. Ke3 Bd5 39. Ke2
Rg1 40. Re3 Kg6 41. Be1 Kf5 42. Kd2 Bc4 43. Kc1 Rg2 44. Bd2 g6 45. Be1 Kg4 46.
Re7 Kf3 47. Rg7 Ke2 48. Re7+ Kd3 49. Rd7+ Bd5 50. Rd8 Ra2 0-1

[Event "Dundee & Angus Open"]
[Site "?"]
[Date "2016.10.08"]
[Round "3"]
[White "Kosznik, Dariusz"]
[Black "Bucher, Goetz"]
[Result "0-1"]
[WhiteElo "1718"]
[BlackElo "1887"]
[PlyCount "102"]
[WhiteTeam "Scotland"]
[BlackTeam "Germany 2"]

1. d4 Nf6 2. Nf3 d5 3. Bf4 c5 4. e3 Nc6 5. c3 Qb6 6. Qb3 c4 7. Qxb6 axb6 8. Na3
e6 9. Nb5 Ra5 10. Nd6+ Bxd6 11. Bxd6 Kd7 12. Ba3 Ne4 13. Rc1 b5 14. Ne5+ Nxe5
15. dxe5 b6 16. f3 Nc5 17. Be2 Bb7 18. O-O Raa8 19. Rfd1 Kc7 20. Kf1 f6 21.
exf6 gxf6 22. Rd4 e5 23. Rg4 Rag8 24. Rxg8 Rxg8 25. Bxc5 bxc5 26. g3 Bc8 27.
Rd1 Kc6 28. f4 Bf5 29. a3 Be4 30. Kf2 Rd8 31. Rd2 d4 32. exd4 cxd4 33. cxd4
exd4 34. Bf3 Kd5 35. Bd1 Rb8 36. g4 h6 37. h4 Rg8 38. Re2 d3 39. Re1 Kd4 40.
Rg1 Rb8 41. g5 fxg5 42. hxg5 hxg5 43. fxg5 b4 44. axb4 Rxb4 45. g6 Rxb2+ 46.
Ke1 Rg2 47. Rxg2 Bxg2 48. Kd2 c3+ 49. Kc1 Be4 50. Bh5 d2+ 51. Kd1 Ke3 0-1

[Event "Dundee & Angus Open"]
[Site "?"]
[Date "2016.10.08"]
[Round "3"]
[White "Romilly, Peter"]
[Black "IM Greet, Andrew"]
[Result "0-1"]
[WhiteElo "2033"]
[BlackElo "2465"]
[PlyCount "62"]
[WhiteTeam "Scotland"]
[BlackTeam "Germany 2"]

1. e4 e5 2. Nf3 Nc6 3. Bb5 a6 4. Ba4 Nf6 5. d3 d6 6. c3 g6 7. Nbd2 Bg7 8. Nf1
O-O 9. Ng3 b5 10. Bb3 Na5 11. Bc2 c5 12. h3 Nc6 13. Be3 Qe7 14. Qd2 d5 15. Bh6
dxe4 16. dxe4 Rd8 17. Qe3 Ne8 18. h4 Bg4 19. h5 Bxh6 20. Qxh6 Bxf3 21. gxf3 Rd6
22. Qe3 Nc7 23. a4 Rad8 24. axb5 axb5 25. Rd1 Rxd1+ 26. Bxd1 Ne6 27. hxg6 fxg6
28. Qh6 Nf4 29. Be2 c4 30. Nf5 Qd7 31. Nd6 Ra8 0-1

[Event "Dundee & Angus Open"]
[Site "?"]
[Date "2016.10.08"]
[Round "3"]
[White "Cooke, Mark"]
[Black "Mitchell, Jeremy"]
[Result "1-0"]
[WhiteElo "1949"]
[BlackElo "1831"]
[PlyCount "57"]
[WhiteTeam "Scotland"]
[BlackTeam "Germany 2"]

1. d4 d5 2. c4 c6 3. Nc3 Nf6 4. Nf3 dxc4 5. e4 b5 6. e5 Nd5 7. a4 Nxc3 8. bxc3
Bg4 9. axb5 cxb5 10. h3 Be6 11. Be2 Bd5 12. Ba3 Nc6 13. O-O e6 14. Bxf8 Rxf8
15. Qb1 Rb8 16. Qxh7 a5 17. Qxg7 Qe7 18. Ng5 Kd7 19. Nh7 Rh8 20. Nf6+ Kc7 21.
Qg5 Kb7 22. Qe3 b4 23. Bf3 Rhd8 24. Rfb1 b3 25. Ne4 Bxe4 26. Bxe4 Kc7 27. Qe2
Nxe5 28. dxe5 Qc5 29. Ra4 1-0

[Event "Dundee & Angus Open"]
[Site "?"]
[Date "2016.10.08"]
[Round "3"]
[White "Sheerin, Alex"]
[Black "Ridge, Mike"]
[Result "1/2-1/2"]
[WhiteElo "1681"]
[BlackElo "1837"]
[PlyCount "77"]
[WhiteTeam "Scotland"]
[BlackTeam "Germany 2"]

1. e4 c5 2. Nf3 g6 3. d4 cxd4 4. Nxd4 Nc6 5. Be3 Nf6 6. Nc3 Bg7 7. Be2 O-O 8.
O-O d5 9. exd5 Nb4 10. Qd2 Nbxd5 11. Nxd5 Nxd5 12. Rad1 Nxe3 13. Qxe3 Qb6 14.
b3 e5 15. Nb5 Qxe3 16. fxe3 Bf5 17. c4 Bh6 18. Nd6 Bxe3+ 19. Kh1 Bc8 20. Bf3
Rb8 21. Bd5 Be6 22. Bxe6 fxe6 23. Rfe1 Bd4 24. Nb5 Rbd8 25. Nxd4 Rxd4 26. Kg1
Rf5 27. Rxd4 exd4 28. Rxe6 Kf7 29. Re4 d3 30. Rd4 Ke6 31. Rxd3 b5 32. cxb5 Rxb5
33. Kf2 a5 34. Rd4 h5 35. Ke3 Kf5 36. Kd3 Re5 37. Rc4 Rd5+ 38. Rd4 Rc5 39. Rc4
1/2-1/2

[Event "Dundee & Angus Open"]
[Site "?"]
[Date "2016.10.08"]
[Round "3"]
[White "Marks, Ian"]
[Black "Koehn, Lennart"]
[Result "0-1"]
[WhiteElo "1900"]
[BlackElo "1968"]
[PlyCount "58"]
[WhiteTeam "Scotland"]
[BlackTeam "Germany 2"]

1. c4 Nf6 2. Nc3 c5 3. g3 g6 4. Bg2 Bg7 5. e4 Nc6 6. Nge2 O-O 7. O-O d6 8. d3
Bd7 9. h3 Ne8 10. Be3 Nd4 11. f4 Nc7 12. Qd2 Rb8 13. g4 f5 14. exf5 gxf5 15. g5
b5 16. Ng3 Be6 17. Nd5 bxc4 18. dxc4 Rxb2 19. Qa5 Nxd5 20. Qxd8 Rxg2+ 21. Kxg2
Nxe3+ 22. Kf2 Rxd8 23. Rh1 Nxc4 24. Rab1 Nd2 25. Rbd1 Ne4+ 26. Nxe4 fxe4 27.
Ke3 d5 28. Rb1 Nf5+ 29. Kd2 d4 0-1

[Event "Dundee & Angus Open"]
[Site "?"]
[Date "2016.10.08"]
[Round "3"]
[White "WFM Bamber, Elaine"]
[Black "Robinson, Stephen"]
[Result "1-0"]
[WhiteElo "2093"]
[BlackElo "1866"]
[PlyCount "77"]
[WhiteTeam "Scotland"]
[BlackTeam "Germany 2"]

1. e4 e6 2. d4 d5 3. Nd2 Nf6 4. e5 Nfd7 5. c3 c5 6. Bd3 Nc6 7. Ne2 cxd4 8. cxd4
f6 9. exf6 Qxf6 10. Nf3 Bb4+ 11. Bd2 O-O 12. O-O Bd6 13. Bg5 Qf7 14. Bh4 h6 15.
Qc2 g5 16. Bg3 Bf4 17. Rae1 Nb4 18. Qb1 Nxd3 19. Qxd3 a5 20. Bxf4 gxf4 21. Nh4
e5 22. Qg6+ Qg7 23. Qe6+ Kh7 24. Qxd5 Qg4 25. Qe4+ Kg7 26. g3 Nf6 27. Qxe5 f3
28. Nf4 Ra6 29. Qc7+ Bd7 30. Re7+ Rf7 31. Rxf7+ Kxf7 32. Qxb7 Rd6 33. Nxf3 Qf5
34. Ne5+ Kg7 35. Qb3 Be6 36. Nxe6+ Rxe6 37. Qb7+ Kh8 38. Nf7+ Kg7 39. Nd6+ 1-0